[Event "Belgrade Radnicki"]
[Site "Belgrade"]
[Date "2019.12.04"]
[Round "2"]
[White "Lundin, Jan"]
[Black "Maric, Dragan"]
[Result "1-0"]
[WhiteElo "2347"]
[BlackElo "2161"]
[PlyCount "69"]
[EventDate "2019.12.03"]
[EventType "tourn"]
[EventRounds "9"]
[EventCountry "SRB"]
[SourceTitle "CBM 193 Extra"]
[Source "ChessBase"]
[SourceDate "2020.01.31"]
[SourceVersion "1"]
[SourceVersionDate "2020.01.31"]
[SourceQuality "1"]

1. d4 Nf6 2. Nf3 g6 3. c4 Bg7 4. Nc3 d5 5. cxd5 Nxd5 6. Bg5 Nxc3 7. bxc3 0-0 8. e3 c5 9. Be2 Nc6 10. 0-0 cxd4 11. exd4 Be6 12. Qd2 Na5 13. Rfe1 Rc8 14. Rab1 Qc7 15. Bf1 Rfe8 16. Bb5 Red8 17. Re3 a6 18. Bf1 b5 19. Qe1 Bf6 20. Rxe6 fxe6 21. Qxe6+ Kg7 22. Qxa6 Ra8 23. Qe6 Rd6 24. Qe3 Rc6 25. Rxb5 Rxc3 26. Qe4 Rd8 27. Bd2 Nc4 28. Bxc3 Nd6 29. Qe1 Nxb5 30. Bxb5 Rc8 31. Bd2 Qc2 32. a4 Qb3 33. h4 Rc2 34. Qe3 Qb1+ 35. Kh2 1-0

[Event "Belgrade-chT"]
[Site "Belgrade"]
[Date "2019.09.29"]
[Round "7.2"]
[White "Ivanovic, Marko"]
[Black "Maric, Dragan"]
[Result "1-0"]
[WhiteElo "2184"]
[BlackElo "2163"]
[PlyCount "95"]
[EventDate "2019.09.23"]
[EventType "team-tourn"]
[EventRounds "11"]
[EventCountry "SRB"]
[SourceTitle "EXT 2020"]
[Source "ChessBase"]
[SourceDate "2019.10.17"]
[SourceVersion "1"]
[SourceVersionDate "2019.10.17"]
[SourceQuality "1"]
[WhiteTeam "Tadic"]
[BlackTeam "Belgrade PTT"]
[WhiteTeamCountry "SRB"]
[BlackTeamCountry "SRB"]

1. e4 c5 2. Nf3 d6 3. d4 cxd4 4. Nxd4 Nf6 5. f3 e5 6. Bb5+ Bd7 7. Bxd7+ Qxd7 8. Nf5 d5 9. Bg5 dxe4 10. Bxf6 Qxd1+ 11. Kxd1 gxf6 12. fxe4 Nc6 13. c3 0-0-0+ 14. Ke2 Rg8 15. g3 Rg4 16. Nd2 Kd7 17. Rad1 Ke6 18. Kf3 Rg8 19. Nc4 Bc5 20. b4 Bb6 21. Ncd6 Ne7 22. Nxe7 Kxe7 23. Nxb7 Rxd1 24. Rxd1 Ke6 25. Rd6+ Ke7 26. Rd3 Ke6 27. Ke2 Rg4 28. Nd6 Bc7 29. h3 Rg8 30. Nf5 Rb8 31. a3 a5 32. Rd5 axb4 33. axb4 Ra8 34. Rc5 Kd7 35. b5 Ra2+ 36. Kd3 Rb2 37. h4 Rb1 38. h5 Rd1+ 39. Ke2 Rb1 40. h6 Rb2+ 41. Kd3 Rb1 42. c4 Rd1+ 43. Ke2 Rb1 44. Rc6 Bd8 45. Rd6+ Kc7 46. Ra6 Kd7 47. Ra7+ Bc7 48. Ke3 1-0

[Event "Belgrade-chT"]
[Site "Belgrade"]
[Date "2019.09.25"]
[Round "3.8"]
[White "Milosevic, Milos"]
[Black "Maric, Dragan"]
[Result "1/2-1/2"]
[WhiteElo "2312"]
[BlackElo "2163"]
[PlyCount "93"]
[EventDate "2019.09.23"]
[EventType "team-tourn"]
[EventRounds "11"]
[EventCountry "SRB"]
[SourceTitle "EXT 2020"]
[Source "ChessBase"]
[SourceDate "2019.10.17"]
[SourceVersion "1"]
[SourceVersionDate "2019.10.17"]
[SourceQuality "1"]
[WhiteTeam "Partizan"]
[BlackTeam "Belgrade PTT"]
[WhiteTeamCountry "SRB"]
[BlackTeamCountry "SRB"]

1. e4 c5 2. Nc3 Nc6 3. Bb5 Nd4 4. Bc4 g6 5. Nf3 Bg7 6. Nxd4 cxd4 7. Qf3 e6 8. Nb5 d6 9. Qa3 Ke7 10. c3 dxc3 11. dxc3 a6 12. Nd4 e5 13. Nc2 Be6 14. Bxe6 fxe6 15. Bg5+ Bf6 16. Be3 Kf7 17. Rd1 Be7 18. Bc5 Nf6 19. Bxd6 Nxe4 20. Bxe7 Qxe7 21. Qa4 Nf6 22. 0-0 Rhd8 23. Ne3 Rxd1 24. Rxd1 Rd8 25. h3 Rxd1+ 26. Qxd1 Qd7 27. Qf3 Kg7 28. g4 g5 29. Nc4 e4 30. Qe3 h6 31. Qd4 Qc6 32. Ne3 Qb5 33. Qd6 Qd7 34. Qe5 b5 35. Kg2 Kf7 36. c4 bxc4 37. Nxc4 Kg7 38. Nd6 Kg6 39. Nxe4 Nd5 40. Kg1 Nf4 41. Qf6+ Kh7 42. Kh2 Qd3 43. Qf7+ Kh8 44. Qe8+ Kg7 45. Qe7+ Kh8 46. Qf8+ Kh7 47. Qf7+ 1/2-1/2